00303nam a2200109Ia 450000500170000000800410001702000180005808200190007610000240009524500270011926000470014620251127144254.0251127s9999 xx 000 0 und d a9781626760073 a327.7305 MAR-N aMarkey, Daniel Seth 0aNo Exit from Pakistan: aNew YorkbCambridge University Pressc2013